| 000 | 00678nam a22001937a 4500 | ||
|---|---|---|---|
| 003 | BD-DhUL | ||
| 005 | 20180315160257.0 | ||
| 008 | 180315b ir ||||| |||| 00| 0 per d | ||
| 040 |
_aBD-DhUL _cBD-DhUL |
||
| 082 |
_a891.551 _bABK |
||
| 100 | 3 | _aعباس الحسینی جوھری۔ | |
| 245 | 1 |
_aکلیات ھفت جلدی دیوان خزائن الاشعار / _cعباس الحسینی جوھری۔ |
|
| 246 | _aKulliyat Haft-e Jild-e Diwan-e Khazain al-Ash'ar | ||
| 260 |
_aتھران : _bمحل فروس، _c۱۳۶۷۔ |
||
| 300 |
_aص۔ ۲۷۱ ؛ _c۲۰ سم۔ |
||
| 650 | 0 | _aPersian poetry. | |
| 700 | 0 |
_aمیرزا احمد فرہومند۔ _eed. |
|
| 942 |
_2ddc _cBK |
||
| 999 |
_c239332 _d239332 |
||